000 00511nam a2200181Ia 4500
008 100917s9999 xx 000 0 und d
082 _b8680
100 _aफाटक अनंत
245 _aनाती दोन दिसांची
260 _b---
300 _a132
365 _b5
520 _aकादंबरी
630 _aनाती दोन दिसांची
650 _aकादंबरी
730 _aनाती दोन दिसांची
942 _cBOOK
999 _c614074
_d614071